[Event "II. CLANSKA LIGA ZAHOD 2024"]
[Site "Komenda"]
[Date "2024.11.17"]
[Round "4.1"]
[White "Leonardi, Caterina"]
[Black "Skoberne, Jure"]
[Result "0-1"]
[WhiteElo "1995"]
[BlackElo "2540"]
[PlyCount "54"]
[EventDate "2024.11.15"]
[WhiteTeam "SK KOMENDA"]
[BlackTeam "SD POSOCJE"]

1. Nf3 Nf6 2. g3 b5 3. d4 Bb7 4. Bg2 e6 5. O-O d5 6. Nc3 a6 7. Ne5 c5 8. e4
dxe4 9. dxc5 Qc7 10. Ng4 Nxg4 11. Qxg4 f5 12. Qh5+ g6 13. Qg5 Nd7 14. b4 Bg7
15. Bb2 Ne5 16. a4 Nc4 17. c6 Bxc6 18. Qc1 Nxb2 19. Qxb2 Bb7 20. Ra3 Rc8 21.
Qa2 Qc4 22. Ne2 Qxa2 23. Rxa2 Bd5 24. Ra3 Bb2 25. Re3 bxa4 26. c3 a3 27. Nc1
Rxc3 0-1

[Event "II. CLANSKA LIGA ZAHOD 2024"]
[Site "Komenda"]
[Date "2024.11.17"]
[Round "4.1"]
[White "Jovanovic, Zoran"]
[Black "Juhant, Igor"]
[Result "1-0"]
[WhiteElo "2520"]
[BlackElo "1985"]
[PlyCount "63"]
[EventDate "2024.11.15"]
[WhiteTeam "SD POSOCJE"]
[BlackTeam "SK KOMENDA"]

1. e4 c6 2. Nc3 d5 3. Nf3 dxe4 4. Nxe4 Nf6 5. Qe2 Nxe4 6. Qxe4 Nd7 7. Bc4 Nf6
8. Ne5 e6 9. Qf4 Be7 10. d4 O-O 11. O-O Nd5 12. Qe4 Nf6 13. Qe3 Qc7 14. Qe2 c5
15. Bf4 Qd6 16. dxc5 Qxc5 17. Rad1 a5 18. Bb5 Nd5 19. Bg3 Nb4 20. c3 Nc6 21. a4
Nxe5 22. Qxe5 b6 23. Qxc5 Bxc5 24. Bd6 Bxd6 25. Rxd6 Rb8 26. Rfd1 f6 27. Rc6
Kf7 28. Rdd6 Ke7 29. Rxb6 Rxb6 30. Rxb6 Rd8 31. Kf1 Rd2 32. Rb8 1-0

[Event "II. CLANSKA LIGA ZAHOD 2024"]
[Site "Komenda"]
[Date "2024.11.17"]
[Round "4.1"]
[White "Ogradi, Gregor"]
[Black "Srebrnic, Marko"]
[Result "0-1"]
[WhiteElo "1972"]
[BlackElo "2343"]
[PlyCount "82"]
[EventDate "2024.11.15"]
[WhiteTeam "SK KOMENDA"]
[BlackTeam "SD POSOCJE"]

1. e4 c5 2. Nf3 Nc6 3. Nc3 e5 4. Bc4 Be7 5. d3 Nf6 6. Nd2 d6 7. Nf1 Bg4 8. f3
Be6 9. Ne3 Nh5 10. Ned5 Bg5 11. Nc7+ Qxc7 12. Bxg5 h6 13. Be3 O-O-O 14. Qd2 Kb8
15. O-O-O Ne7 16. Qf2 a6 17. g3 b5 18. Bb3 Nf6 19. h3 Nc6 20. f4 Bxb3 21. axb3
Nd4 22. g4 b4 23. Nb1 Qa5 24. g5 hxg5 25. fxe5 dxe5 26. Bxg5 Rd6 27. Rdg1 Nh5
28. Be3 f6 29. Rg6 Ne6 30. Qh4 Qd8 31. Qf2 Qc7 32. Nd2 Nhf4 33. Bxf4 Nxf4 34.
Rg3 g5 35. Nc4 Rd4 36. Rf3 g4 37. Rg3 gxh3 38. Qf1 h2 39. Kb1 Rd7 40. Rf3 Rg8
41. Rh3 Rg1 0-1

[Event "II. CLANSKA LIGA ZAHOD 2024"]
[Site "Komenda"]
[Date "2024.11.17"]
[Round "4.1"]
[White "Biti, Ozren"]
[Black "Babarovic, Fran"]
[Result "1-0"]
[WhiteElo "2284"]
[BlackElo "1757"]
[PlyCount "79"]
[EventDate "2024.11.15"]
[WhiteTeam "SD POSOCJE"]
[BlackTeam "SK KOMENDA"]

1. e4 e5 2. Nf3 Nc6 3. Bc4 Nf6 4. d3 Bc5 5. c3 d6 6. h3 a6 7. Bb3 h6 8. Nbd2
Ba7 9. Nf1 Ne7 10. Ng3 Ng6 11. d4 O-O 12. O-O Re8 13. Re1 b5 14. Be3 exd4 15.
Nxd4 Bb7 16. Ndf5 Bxe3 17. Rxe3 Nxe4 18. Qg4 Qg5 19. Nxe4 Qxg4 20. Nxh6+ gxh6
21. Nf6+ Kf8 22. Nxg4 Rxe3 23. Nxe3 Nf4 24. Rd1 Re8 25. Kf1 Re5 26. Rd4 Re4 27.
Rd2 Re5 28. h4 h5 29. g3 Ne6 30. Bd5 Bxd5 31. Nxd5 Rf5 32. f4 a5 33. Ke2 Ke8
34. Kf3 Kd7 35. g4 hxg4+ 36. Kxg4 Ng7 37. h5 Ke6 38. h6 Rxd5 39. Rxd5 f5+ 40.
Kg5 1-0

[Event "II. CLANSKA LIGA ZAHOD 2024"]
[Site "Komenda"]
[Date "2024.11.17"]
[Round "4.1"]
[White "Novakovic, Gosto"]
[Black "Beletic, Danijel"]
[Result "1/2-1/2"]
[WhiteElo "1789"]
[BlackElo "2276"]
[PlyCount "72"]
[EventDate "2024.11.15"]
[WhiteTeam "SK KOMENDA"]
[BlackTeam "SD POSOCJE"]

1. e4 c5 2. Nf3 d6 3. Bc4 Nc6 4. h3 Nf6 5. Nc3 g6 6. a3 Bg7 7. d4 cxd4 8. Nxd4
Bd7 9. Be3 O-O 10. O-O Rc8 11. Nf3 Na5 12. Ba2 Rxc3 13. bxc3 Nxe4 14. Qd3 Nxc3
15. Bd4 Bxd4 16. Nxd4 Qc7 17. Rfe1 e5 18. Ne2 Nxa2 19. Rxa2 Be6 20. Rb2 Rc8 21.
Ng3 d5 22. h4 b6 23. h5 Qc3 24. Rbb1 e4 25. Qa6 Rc7 26. h6 Qc4 27. Qxc4 Rxc4
28. Rbd1 Nc6 29. Ne2 g5 30. c3 f5 31. Ng3 Kf7 32. f3 Rxc3 33. Rc1 Rc5 34. fxe4
fxe4 35. Rxc5 bxc5 36. Rb1 c4 1/2-1/2

[Event "II. CLANSKA LIGA ZAHOD 2024"]
[Site "Komenda"]
[Date "2024.11.17"]
[Round "4.1"]
[White "Hozjan, Erik"]
[Black "Novakovic, Julian"]
[Result "1/2-1/2"]
[WhiteElo "1926"]
[BlackElo "1892"]
[PlyCount "75"]
[EventDate "2024.11.15"]
[WhiteTeam "SD POSOCJE"]
[BlackTeam "SK KOMENDA"]

1. e4 d6 2. d4 Nf6 3. f3 g6 4. Be3 c6 5. Qd2 Nbd7 6. c4 c5 7. Ne2 Bg7 8. Nbc3
O-O 9. Bh6 Re8 10. Bxg7 Kxg7 11. g4 cxd4 12. Nxd4 Ne5 13. Be2 a6 14. h4 h5 15.
gxh5 Nxh5 16. Rg1 Nc6 17. Nxc6 bxc6 18. Qg5 Qb6 19. O-O-O Rb8 20. b3 Rh8 21.
Kc2 Nf6 22. f4 Qf2 23. e5 Ne4 24. Qxe7 Bf5 25. Nxe4 Qxe2+ 26. Kc3 Qxe4 27. Qf6+
Kg8 28. exd6 c5 29. Kb2 Qc2+ 30. Ka3 Bd7 31. Rd5 Re8 32. f5 Re2 33. Rxg6+ fxg6
34. Qxg6+ Kf8 35. Qf6+ Kg8 36. Qg6+ Kf8 37. Qf6+ Kg8 38. Qg6+ 1/2-1/2

[Event "II. CLANSKA LIGA ZAHOD 2024"]
[Site "Komenda"]
[Date "2024.11.17"]
[Round "4.2"]
[White "Buha, Drago"]
[Black "Vodnik, Val"]
[Result "1/2-1/2"]
[WhiteElo "1957"]
[BlackElo "1793"]
[PlyCount "92"]
[EventDate "2024.11.15"]
[WhiteTeam "SD RADOVLJICA"]
[BlackTeam "SD VRHNIKA"]

1. d4 d5 2. Bf4 Nf6 3. h3 c5 4. e3 Nc6 5. Nc3 a6 6. Nf3 Bf5 7. Bd3 Bxd3 8. cxd3
cxd4 9. exd4 e6 10. Be3 b5 11. O-O Be7 12. Rc1 Qb6 13. Qb3 Rb8 14. Rfe1 O-O 15.
Ne2 Rfc8 16. Bf4 Ra8 17. Be3 Bd6 18. Nc3 Rab8 19. Ne2 h6 20. Ne5 Ne7 21. Rc2
Rxc2 22. Qxc2 Rc8 23. Qd2 Nf5 24. Rc1 Rc7 25. Rxc7 Qxc7 26. Qc3 Qxc3 27. bxc3
Nxe3 28. fxe3 Bxe5 29. dxe5 Nd7 30. d4 f6 31. exf6 gxf6 32. Nf4 Kf7 33. Kf2 Ke7
34. Kf3 f5 35. g4 Kf6 36. h4 a5 37. g5+ hxg5 38. hxg5+ Kxg5 39. Nxe6+ Kf6 40.
Nc7 Nb6 41. Nxb5 Na4 42. Kf4 Ke6 43. Kf3 Kd7 44. Kf4 Kc6 45. Na7+ Kb7 46. Nb5
Kc6 1/2-1/2

[Event "II. CLANSKA LIGA ZAHOD 2024"]
[Site "Komenda"]
[Date "2024.11.17"]
[Round "4.2"]
[White "Kocevar, Tugomir"]
[Black "Redek, Leon"]
[Result "0-1"]
[WhiteElo "1818"]
[BlackElo "1731"]
[PlyCount "50"]
[EventDate "2024.11.15"]
[WhiteTeam "SD RADOVLJICA"]
[BlackTeam "SD VRHNIKA"]

1. e4 e6 2. d4 d5 3. e5 c5 4. Bb5+ Nc6 5. Nf3 Bd7 6. Bxc6 bxc6 7. O-O cxd4 8.
Qxd4 Ne7 9. Bg5 h6 10. Bxe7 Bxe7 11. c4 O-O 12. c5 f6 13. b4 Qc7 14. Nbd2 a5
15. a3 Rfb8 16. Nb3 axb4 17. axb4 Rxa1 18. Nxa1 Be8 19. Re1 Qb7 20. Nc2 Bg6 21.
exf6 Bxf6 22. Qe3 Bxc2 23. Qxe6+ Kh7 24. h4 Bg6 25. g4 Re8 0-1

[Event "II. CLANSKA LIGA ZAHOD 2024"]
[Site "Komenda"]
[Date "2024.11.17"]
[Round "4.2"]
[White "Markovic, Jelena"]
[Black "Krivec, Metod"]
[Result "1/2-1/2"]
[WhiteElo "1779"]
[BlackElo "1855"]
[PlyCount "60"]
[EventDate "2024.11.15"]
[WhiteTeam "SD VRHNIKA"]
[BlackTeam "SD RADOVLJICA"]

1. d4 g6 2. g3 Bg7 3. Bg2 d6 4. c4 Nd7 5. e3 e5 6. Nc3 Ne7 7. Nge2 O-O 8. O-O
Re8 9. Qb3 exd4 10. Nxd4 Nc5 11. Qd1 Rb8 12. b4 Ne6 13. Nde2 a6 14. Bb2 Nc6 15.
Qb3 Ne5 16. Rad1 b6 17. Rd2 Bb7 18. Nd5 a5 19. f4 a4 20. Qc2 Ng4 21. Rd3 Bxb2
22. Qxb2 Bxd5 23. cxd5 Ng7 24. e4 f5 25. Nc3 fxe4 26. Nxe4 Re7 27. h3 Nh6 28.
Re1 Rf7 29. Ng5 Re7 30. Ne4 Rf7 1/2-1/2

[Event "II. CLANSKA LIGA ZAHOD 2024"]
[Site "Komenda"]
[Date "2024.11.17"]
[Round "4.2"]
[White "Torkar, Boris"]
[Black "Glavac, Klavdij"]
[Result "1/2-1/2"]
[WhiteElo "1882"]
[BlackElo "1792"]
[PlyCount "92"]
[EventDate "2024.11.15"]
[WhiteTeam "SD RADOVLJICA"]
[BlackTeam "SD VRHNIKA"]

1. d4 d5 2. c4 c6 3. e3 Bf5 4. Nf3 h6 5. Bd3 Bxd3 6. Qxd3 Nf6 7. Nc3 e6 8. O-O
Be7 9. b3 O-O 10. Bb2 Nbd7 11. Rad1 Nh7 12. e4 dxe4 13. Nxe4 Ndf6 14. Rfe1 Nxe4
15. Qxe4 Ng5 16. Nxg5 Bxg5 17. d5 exd5 18. cxd5 cxd5 19. Rxd5 Qb6 20. h4 Bf6
21. Bxf6 Qxf6 22. Rf5 Qb2 23. Qxb7 Qxa2 24. Rxf7 Rxf7 25. Qxa8+ Kh7 26. Qe4+ g6
27. Qe3 h5 28. f4 Qc2 29. Rc1 Qf5 30. Rc4 a5 31. Re4 Qb5 32. Re5 Qb4 33. g3 Rd7
34. Kh2 Qd2+ 35. Qxd2 Rxd2+ 36. Kh3 Ra2 37. g4 hxg4+ 38. Kxg4 Ra3 39. Kg5 Rxb3
40. Re7+ Kg8 41. Ra7 Rg3+ 42. Kf6 Rg4 43. Rxa5 Rxf4+ 44. Kxg6 Rg4+ 45. Kh5 Rg7
46. Rg5 Kh7 1/2-1/2

[Event "II. CLANSKA LIGA ZAHOD 2024"]
[Site "Komenda"]
[Date "2024.11.17"]
[Round "4.3"]
[White "Jocev, Milan"]
[Black "Sajovic, Marko"]
[Result "1-0"]
[WhiteElo "2246"]
[BlackElo "2190"]
[PlyCount "43"]
[EventDate "2024.11.15"]
[WhiteTeam "SK TRZIN"]
[BlackTeam "DRUSTVO TOMO ZUPAN"]

1. d4 d5 2. c4 e6 3. Nf3 Nf6 4. g3 Be7 5. Bg2 c6 6. O-O dxc4 7. Ne5 O-O 8. a4
Nbd7 9. Nxc4 Nb6 10. b3 Nbd5 11. a5 Bd7 12. e4 Nb4 13. Be3 Re8 14. Nc3 Na6 15.
e5 Nd5 16. Ne4 Qc7 17. Qh5 f5 18. exf6 Nxf6 19. Nxf6+ Bxf6 20. Ne5 Rf8 21. Be4
Bxe5 22. Bxh7+ 1-0

[Event "II. CLANSKA LIGA ZAHOD 2024"]
[Site "Komenda"]
[Date "2024.11.17"]
[Round "4.3"]
[White "Rozman, Mitja"]
[Black "Jacob, Tobias"]
[Result "0-1"]
[WhiteElo "1995"]
[BlackElo "2094"]
[PlyCount "118"]
[EventDate "2024.11.15"]
[WhiteTeam "DRUSTVO TOMO ZUPAN"]
[BlackTeam "SK TRZIN"]

1. Nf3 d5 2. g3 Nf6 3. Bg2 c6 4. d3 Bg4 5. Ne5 Bh5 6. Nd2 Nbd7 7. Nef3 e5 8. e4
Bd6 9. O-O O-O 10. c3 Re8 11. Qc2 a5 12. b3 Qe7 13. Nh4 Bg6 14. Nxg6 hxg6 15.
Nf3 dxe4 16. dxe4 a4 17. Bg5 Nc5 18. Nd2 Qc7 19. Rfd1 Nh7 20. Be3 Ne6 21. Rab1
Bc5 22. Bxc5 Nxc5 23. b4 Ne6 24. c4 Nd4 25. Qd3 Red8 26. Qf1 Qe7 27. c5 Nb5 28.
Qe1 Nc3 29. Nc4 Rxd1 30. Rxd1 Nxd1 31. Qxd1 Nf6 32. Nb6 Rd8 33. Qxa4 Rd4 34.
Nc8 Qxc5 35. bxc5 Rxa4 36. Nd6 Rb4 37. a3 Rb1+ 38. Bf1 Nd7 39. f4 Nxc5 40. fxe5
b5 41. Kf2 Kf8 42. Bh3 Rb2+ 43. Ke3 Rxh2 44. Bg4 Ke7 45. Nc8+ Kd8 46. Nd6 f6
47. Kd4 Nd7 48. Nb7+ Ke7 49. exf6+ gxf6 50. Bxd7 Kxd7 51. Nc5+ Kd6 52. Nd3 Rd2
53. g4 c5+ 54. Ke3 Rxd3+ 55. Kxd3 Ke5 56. Ke3 c4 57. Kf3 Kd4 58. g5 c3 59. Ke2
fxg5 0-1

[Event "II. CLANSKA LIGA ZAHOD 2024"]
[Site "Komenda"]
[Date "2024.11.17"]
[Round "4.3"]
[White "Krupenko, Peter"]
[Black "Demsar, Maks"]
[Result "1-0"]
[WhiteElo "1923"]
[BlackElo "1958"]
[PlyCount "121"]
[EventDate "2024.11.15"]
[WhiteTeam "SK TRZIN"]
[BlackTeam "DRUSTVO TOMO ZUPAN"]

1. d4 Nf6 2. Nf3 c5 3. c3 e6 4. g3 d5 5. Bg2 Nc6 6. O-O Be7 7. b3 O-O 8. Bb2 b6
9. Re1 Ne4 10. Nfd2 f5 11. f3 Nd6 12. e4 f4 13. dxc5 bxc5 14. exd5 exd5 15. Nf1
Nf5 16. Nbd2 Rf6 17. c4 d4 18. Ne4 Rg6 19. gxf4 Nh4 20. Nfg3 h5 21. Re2 Nxg2
22. Rxg2 Bh3 23. f5 Rh6 24. Bc1 g5 25. f6 Bxf6 26. Nxf6+ Rxf6 27. Bxg5 Bxg2 28.
Kxg2 Qf8 29. Bxf6 Qxf6 30. Nxh5 Qg6+ 31. Ng3 Re8 32. Qd2 Nb4 33. Re1 Rxe1 34.
Qxe1 Nxa2 35. Qe5 Qc2+ 36. Kh3 Qh7+ 37. Nh5 Qf7 38. Qg5+ Kh8 39. Qh6+ Qh7 40.
Qf8+ Qg8 41. Qxc5 Qe6+ 42. Kh4 Qe1+ 43. Ng3 Qd2 44. Qf8+ Kh7 45. Qf7+ Kh8 46.
Qxa7 Qf4+ 47. Kh3 Qh6+ 48. Kg4 Qg6+ 49. Kf4 Qd6+ 50. Kg5 Qd8+ 51. Kg6 Qd6+ 52.
Kf7 Qf4+ 53. Ke6 Qh6+ 54. Ke5 Qg5+ 55. Nf5 d3 56. Qxa2 d2 57. Qa8+ Kh7 58. Qb7+
Kh8 59. Qc8+ Kh7 60. Qd7+ Kh8 61. f4 1-0

[Event "II. CLANSKA LIGA ZAHOD 2024"]
[Site "Komenda"]
[Date "2024.11.17"]
[Round "4.3"]
[White "Mlacnik, Franc"]
[Black "Krumpak, Hinko"]
[Result "1-0"]
[WhiteElo "1963"]
[BlackElo "2002"]
[PlyCount "103"]
[EventDate "2024.11.15"]
[WhiteTeam "DRUSTVO TOMO ZUPAN"]
[BlackTeam "SK TRZIN"]

1. e4 g6 2. Nf3 Bg7 3. Nc3 c5 4. Bc4 Nc6 5. d3 d6 6. O-O Nf6 7. Bg5 Bg4 8. h3
Bd7 9. Nd5 Nxd5 10. exd5 Na5 11. Re1 f6 12. Bd2 Nxc4 13. dxc4 O-O 14. Re3 Re8
15. Qe2 Kf7 16. Re1 Bf8 17. g4 Qc8 18. Nh4 e5 19. dxe6+ Rxe6 20. Ng2 Rxe3 21.
Nxe3 Bc6 22. Nd5 Qd7 23. Bc3 Bxd5 24. cxd5 Bg7 25. Qe6+ Qxe6 26. Rxe6 Rd8 27.
f4 Rd7 28. f5 g5 29. Kg2 b5 30. b3 a6 31. Kf3 Rd8 32. Ke4 Rd7 33. Kd3 Rd8 34.
Bb2 Rd7 35. a3 Rd8 36. c4 bxc4+ 37. Kxc4 Rd7 38. Bc3 Rd8 39. Ba5 Rd7 40. b4
cxb4 41. Bxb4 Bf8 42. Kb3 Be7 43. Ka4 Ke8 44. Ka5 Kd8 45. Kxa6 Kc8 46. Kb5 Rb7+
47. Kc4 Rd7 48. a4 Rc7+ 49. Kb3 Rd7 50. a5 Kb7 51. Ka4 Ka6 52. Bc3 1-0

[Event "II. CLANSKA LIGA ZAHOD 2024"]
[Site "Komenda"]
[Date "2024.11.17"]
[Round "4.3"]
[White "Suhadolnik, Jernej"]
[Black "Bobnar, Samo"]
[Result "1-0"]
[WhiteElo "1913"]
[BlackElo "1939"]
[PlyCount "45"]
[EventDate "2024.11.15"]
[WhiteTeam "SK TRZIN"]
[BlackTeam "DRUSTVO TOMO ZUPAN"]

1. b4 e5 2. Bb2 Bxb4 3. Bxe5 Nf6 4. e3 d5 5. Be2 O-O 6. a3 Ba5 7. Nf3 c5 8. a4
Nc6 9. Bb2 Re8 10. Na3 Bf5 11. h3 Ne4 12. g4 Bd7 13. c3 Qf6 14. Qb3 Ne5 15.
Nxe5 Qxf2+ 16. Kd1 Rxe5 17. Qxb7 Rd8 18. Rf1 Qg2 19. Qxa7 Bxa4+ 20. Nc2 Bxc2+
21. Kxc2 Rf8 22. Rxa5 Qxe2 23. Qxf7+ 1-0

[Event "II. CLANSKA LIGA ZAHOD 2024"]
[Site "Komenda"]
[Date "2024.11.17"]
[Round "4.3"]
[White "Bobnar, Vid"]
[Black "Leben, Dusan"]
[Result "0-1"]
[WhiteElo "1720"]
[BlackElo "1876"]
[PlyCount "136"]
[EventDate "2024.11.15"]
[WhiteTeam "DRUSTVO TOMO ZUPAN"]
[BlackTeam "SK TRZIN"]

1. e4 e5 2. Nc3 Nc6 3. Bc4 Nf6 4. d3 Na5 5. Bb3 d6 6. Bg5 Be7 7. Nge2 O-O 8.
Qd2 h6 9. Bxf6 Bxf6 10. Nd5 Nxb3 11. Nxf6+ Qxf6 12. axb3 Qe6 13. Ng3 a6 14. O-O
Kh7 15. f4 exf4 16. Rxf4 Qg6 17. Raf1 Be6 18. Qc3 Rac8 19. Nf5 Bxf5 20. Rxf5
Qe6 21. h4 f6 22. h5 c6 23. Qe1 Rcd8 24. Qg3 Kh8 25. Qf4 c5 26. Rf3 b5 27. Rg3
Rd7 28. Rg6 Kh7 29. Qd2 d5 30. Rf4 dxe4 31. Qe3 Rd4 32. Rfg4 Rf7 33. Qg3 Qe7
34. dxe4 Rxe4 35. Rxe4 Qxe4 36. Rg4 Qxc2 37. Rf4 Qd1+ 38. Rf1 Qxh5 39. Qe3 Qd5
40. Qe8 Qd7 41. Qa8 Qb7 42. Qe8 Re7 43. Qh5 Re5 44. Qd1 Qd5 45. Qc2+ Qe4 46.
Qxe4+ Rxe4 47. Rf3 c4 48. Kf2 cxb3 49. Rxb3 Rc4 50. Kf3 g5 51. Rd3 Kg6 52. g4
Rb4 53. b3 a5 54. Rc3 a4 55. bxa4 bxa4 56. Rc8 Rb3+ 57. Ke4 a3 58. Rg8+ Kf7 59.
Ra8 Rg3 60. Kf5 Rf3+ 61. Ke4 Rf4+ 62. Kd5 Rxg4 63. Rxa3 Rf4 64. Ra7+ Kg6 65.
Ra8 h5 66. Ke6 Re4+ 67. Kd5 Re1 68. Rg8+ Kf5 0-1

[Event "II. CLANSKA LIGA ZAHOD 2024"]
[Site "Komenda"]
[Date "2024.11.17"]
[Round "4.4"]
[White "Skrbec, Leon"]
[Black "Zupancic, Jernej"]
[Result "1-0"]
[WhiteElo "2237"]
[BlackElo "2213"]
[PlyCount "129"]
[EventDate "2024.11.15"]
[WhiteTeam "SK POSTOJNA"]
[BlackTeam "SD KRKA NOVO MESTO"]

1. Nf3 Nf6 2. c4 e6 3. g3 b6 4. Bg2 Bb7 5. O-O Be7 6. b3 O-O 7. Bb2 d6 8. Nc3
Nbd7 9. Qc2 c5 10. e4 a6 11. d3 Qc7 12. Nd2 Rfe8 13. f4 Nf8 14. Nf3 Rac8 15. h3
d5 16. e5 N6d7 17. Rae1 d4 18. Ne4 f5 19. exf6 gxf6 20. Bc1 f5 21. Neg5 Bf6 22.
Ne5 Bxg2 23. Nxd7 Qxd7 24. Qxg2 Re7 25. Nf3 Rg7 26. g4 Qf7 27. g5 Bd8 28. Bd2
Bc7 29. h4 Qh5 30. Qg3 Re8 31. Rf2 Ng6 32. Rfe2 Rge7 33. Kf2 Kg7 34. a3 Qg4 35.
Qxg4 fxg4 36. Nh2 Bxf4 37. Nxg4 Bxd2 38. Rxd2 Nxh4 39. Nf6 Rf8 40. Rh1 Kg6 41.
Rxh4 Kxg5 42. Kg3 h5 43. Nxh5 Ref7 44. Rg4+ Kf5 45. Rf2+ Ke5 46. Re4+ Kd6 47.
Rxf7 Rxf7 48. Rf4 Rh7 49. Kg4 Rh8 50. b4 Rg8+ 51. Kf3 Rg1 52. Ng3 Re1 53. Kf2
Ra1 54. Ne4+ Ke5 55. Rf3 Rxa3 56. bxc5 bxc5 57. Nxc5 Kd6 58. Ne4+ Kc6 59. Ke2
Ra2+ 60. Kd1 Ra5 61. Rf6 Kd7 62. Kc2 Rh5 63. Rf7+ Kc6 64. Re7 e5 65. Re6+ 1-0

[Event "II. CLANSKA LIGA ZAHOD 2024"]
[Site "Komenda"]
[Date "2024.11.17"]
[Round "4.4"]
[White "Kastelic, Marjan"]
[Black "Cepon, Dusan"]
[Result "1-0"]
[WhiteElo "2258"]
[BlackElo "2066"]
[PlyCount "167"]
[EventDate "2024.11.15"]
[WhiteTeam "SD KRKA NOVO MESTO"]
[BlackTeam "SK POSTOJNA"]

1. d4 Nf6 2. Nf3 e6 3. h3 b6 4. Bf4 Bb7 5. e3 Be7 6. Nbd2 O-O 7. Bd3 c5 8. c3
d5 9. Qc2 Nc6 10. g4 c4 11. Be2 b5 12. Ne5 Nxe5 13. Bxe5 Ne4 14. Nxe4 dxe4 15.
b3 Bd5 16. bxc4 bxc4 17. Qa4 Bd6 18. Bxd6 Qxd6 19. Rb1 f5 20. gxf5 Rxf5 21.
Bxc4 Raf8 22. Qb4 Qc7 23. Bxd5 exd5 24. Rb2 Qf7 25. Rf1 h5 26. Qb7 Qf6 27. Qxa7
Rf3 28. Rg1 Qh6 29. Kd1 R3f7 30. Qc5 Qe6 31. Rb6 Qf5 32. Rbg6 Rc8 33. Rc6 Rb8
34. Rb6 Rxb6 35. Qxb6 Qxf2 36. Re1 Qxa2 37. Qb5 Kh7 38. Qe2 Qb1+ 39. Kd2 Qb2+
40. Kd1 Qb3+ 41. Qc2 Qa3 42. c4 Qa1+ 43. Ke2 Qa6 44. Kd1 Rc7 45. c5 Qb5 46. Qe2
Qb1+ 47. Kd2 Qb4+ 48. Kc2 Qa4+ 49. Kc3 Qa3+ 50. Kc2 g6 51. Rb1 Rf7 52. Rb3 Qa2+
53. Rb2 Qa4+ 54. Kd2 Qa5+ 55. Kc2 Kh6 56. Kb1 Qc3 57. Qd2 Rf1+ 58. Ka2 Qc4+ 59.
Ka3 Ra1+ 60. Ra2 Rb1 61. Rb2 Ra1+ 62. Ra2 Rc1 63. Kb2 Rf1 64. Ra3 Rf3 65. Rc3
Qb5+ 66. Rb3 Qf1 67. Qc3 Rf2+ 68. Ka3 Qxh3 69. c6 Qc8 70. Qc5 Rf6 71. Rc3 Rf5
72. c7 Rf7 73. Qd6 h4 74. Rc6 Rg7 75. Qd8 Rg8 76. Qxh4+ Kg7 77. Qe7+ Kh6 78.
Qh4+ Kg7 79. Qf6+ Kh6 80. Rc2 Qh3 81. Qf4+ g5 82. Qf6+ Kh7 83. Qf7+ Rg7 84.
Qxg7+ 1-0

[Event "II. CLANSKA LIGA ZAHOD 2024"]
[Site "Komenda"]
[Date "2024.11.17"]
[Round "4.4"]
[White "Hrescak, Ivana"]
[Black "Zupancic, Urban"]
[Result "1-0"]
[WhiteElo "2078"]
[BlackElo "2071"]
[PlyCount "59"]
[EventDate "2024.11.15"]
[WhiteTeam "SK POSTOJNA"]
[BlackTeam "SD KRKA NOVO MESTO"]

1. d4 Nf6 2. c4 g6 3. Nc3 Bg7 4. e4 d6 5. Be2 O-O 6. Be3 e5 7. d5 Na6 8. g4 Nc5
9. Bf3 a5 10. h4 Bd7 11. g5 Ne8 12. h5 c6 13. Qe2 Nc7 14. Bg4 cxd5 15. cxd5
N7a6 16. Rd1 Rc8 17. Bxd7 Qxd7 18. f3 f5 19. gxf6 Bxf6 20. hxg6 hxg6 21. Qg2
Qf7 22. Rh6 Kg7 23. Nb5 Be7 24. Qh3 Rh8 25. Rd2 Rxh6 26. Bxh6+ Kg8 27. Qxc8+
Kh7 28. Rh2 Nd3+ 29. Ke2 Nac5 30. Bg5+ 1-0

[Event "II. CLANSKA LIGA ZAHOD 2024"]
[Site "Komenda"]
[Date "2024.11.17"]
[Round "4.4"]
[White "Rifelj, Luka"]
[Black "Pridigar, Lovro"]
[Result "1-0"]
[WhiteElo "1962"]
[BlackElo "2058"]
[PlyCount "101"]
[EventDate "2024.11.15"]
[WhiteTeam "SD KRKA NOVO MESTO"]
[BlackTeam "SK POSTOJNA"]

1. d4 d5 2. Nf3 Nf6 3. c4 c6 4. Nc3 e6 5. Bg5 Be7 6. e3 O-O 7. Qc2 h6 8. Bh4
Nbd7 9. Rc1 b6 10. cxd5 Nxd5 11. Bxe7 Qxe7 12. Nxd5 cxd5 13. Be2 Qb4+ 14. Qc3
a5 15. O-O Ba6 16. Bxa6 Rxa6 17. Qc7 Qb5 18. Qb7 Raa8 19. Qc6 Qxc6 20. Rxc6
Rfc8 21. Rfc1 Rxc6 22. Rxc6 Kf8 23. Rc7 Ke8 24. Ne5 Nxe5 25. dxe5 Rd8 26. Kf1
d4 27. e4 d3 28. Ke1 Rd4 29. f3 Rb4 30. b3 a4 31. Rc3 axb3 32. axb3 Rb5 33. Kd2
Rxe5 34. Kxd3 Kd7 35. b4 Rh5 36. h3 Rg5 37. g4 e5 38. Kc4 Kc6 39. b5+ Kb7 40.
Kd5 h5 41. Rc6 hxg4 42. hxg4 f6 43. Re6 Rg6 44. Re7+ Kc8 45. Ke6 Kd8 46. Kf7
Rg5 47. Rb7 f5 48. gxf5 Rg3 49. Ke6 Rxf3 50. Rxg7 Rb3 51. f6 1-0

[Event "II. CLANSKA LIGA ZAHOD 2024"]
[Site "Komenda"]
[Date "2024.11.17"]
[Round "4.4"]
[White "Markovcic, Gregor"]
[Black "Salmanov, Samir"]
[Result "0-1"]
[WhiteElo "1531"]
[BlackElo "2001"]
[PlyCount "24"]
[EventDate "2024.11.15"]
[WhiteTeam "SK POSTOJNA"]
[BlackTeam "SD KRKA NOVO MESTO"]

1. d4 d5 2. Bf4 Bg4 3. c4 e6 4. Qb3 b6 5. cxd5 exd5 6. Qg3 Qd7 7. Bxc7 Nc6 8.
e3 Rc8 9. Bf4 Nb4 10. Na3 Nc2+ 11. Nxc2 Rxc2 12. a4 Bb4# 0-1

[Event "II. CLANSKA LIGA ZAHOD 2024"]
[Site "Komenda"]
[Date "2024.11.17"]
[Round "4.4"]
[White "Radez, Pavel"]
[Black "Usaj, Benjamin"]
[Result "1-0"]
[WhiteElo "1501"]
[BlackElo "1428"]
[PlyCount "49"]
[EventDate "2024.11.15"]
[WhiteTeam "SD KRKA NOVO MESTO"]
[BlackTeam "SK POSTOJNA"]

1. e4 e5 2. Nf3 Nf6 3. d4 exd4 4. e5 Nd5 5. Qxd4 Nb6 6. Bg5 Be7 7. e6 f6 8. Be3
d6 9. Qg4 h5 10. Qf5 Kf8 11. Nh4 Rg8 12. Ng6+ Ke8 13. Nf4 Kf8 14. Ng6+ Ke8 15.
Nf4 Kf8 16. Qh7 Bxe6 17. Nxe6+ Kf7 18. Nxd8+ Rxd8 19. Qxh5+ Ke6 20. Bd3 Kd7 21.
Qf5+ Ke8 22. Qe6 Rd7 23. Bg6+ Kd8 24. Qg8+ Bf8 25. Qxf8# 1-0

[Event "II. CLANSKA LIGA ZAHOD 2024"]
[Site "Komenda"]
[Date "2024.11.17"]
[Round "4.5"]
[White "Mencinger, Vojko"]
[Black "Sajn, Simon"]
[Result "1/2-1/2"]
[WhiteElo "2276"]
[BlackElo "2102"]
[PlyCount "134"]
[EventDate "2024.11.15"]
[WhiteTeam "SD GORENJKA LESCE"]
[BlackTeam "SK RIMEX ILIRSKA BISTRICA"]

1. e4 c5 2. Nf3 Nc6 3. d4 cxd4 4. Nxd4 Qb6 5. Nb3 Nf6 6. Nc3 e6 7. Be3 Qc7 8.
f4 d6 9. Bd3 Be7 10. Qf3 O-O 11. O-O-O Nb4 12. Kb1 Nxd3 13. cxd3 Bd7 14. Rc1
Qb8 15. g4 Rc8 16. g5 Ne8 17. f5 exf5 18. Rcf1 Nc7 19. Nd4 Re8 20. Nxf5 Bxf5
21. exf5 Bf8 22. h4 Qd8 23. h5 Qd7 24. Bd4 Qc6 25. h6 Qxf3 26. Rxf3 g6 27. Ne4
Nd5 28. Rhf1 b6 29. fxg6 fxg6 30. Rf7 Re7 31. Nxd6 Rxf7 32. Nxf7 Be7 33. Ne5
Bxg5 34. Ng4 Rf8 35. Rxf8+ Kxf8 36. Bg7+ Kg8 37. d4 Ne3 38. Nxe3 Bxe3 39. Kc2
Kf7 40. Kd3 Bc1 41. d5 Ke7 42. a4 Kd6 43. Ke4 a6 44. b4 b5 45. Bf8+ Kd7 46.
axb5 axb5 47. Ke5 Bb2+ 48. Ke4 Bc3 49. Kd3 Be5 50. Bg7 Bd6 51. Bc3 Ke7 52. Ke4
Kf7 53. Bd2 Kf6 54. Bc3+ Kf7 55. Bd2 Bg3 56. Kf3 Bh2 57. Ke4 Bd6 58. Be1 Bf8
59. Bd2 Kf6 60. Bc3+ Ke7 61. Bd2 Kd7 62. Ke5 Be7 63. Kd4 g5 64. Ke5 g4 65. Kf4
Kd6 66. Kxg4 Kxd5 67. Kf5 Bh4 1/2-1/2

[Event "II. CLANSKA LIGA ZAHOD 2024"]
[Site "Komenda"]
[Date "2024.11.17"]
[Round "4.5"]
[White "Solmajer, Luka"]
[Black "Petek, Primoz"]
[Result "1-0"]
[WhiteElo "2006"]
[BlackElo "2071"]
[PlyCount "105"]
[EventDate "2024.11.15"]
[WhiteTeam "SK RIMEX ILIRSKA BISTRICA"]
[BlackTeam "SD GORENJKA LESCE"]

1. e4 e5 2. Nc3 Nf6 3. g3 Nc6 4. Bg2 Bc5 5. Nge2 O-O 6. O-O d6 7. d3 h6 8. Na4
Nh7 9. Nxc5 dxc5 10. Be3 Qd6 11. f4 b6 12. fxe5 Nxe5 13. d4 cxd4 14. Qxd4 Qxd4
15. Bxd4 Re8 16. Nf4 Bb7 17. Nd5 Bxd5 18. exd5 Rad8 19. Rae1 Nc4 20. b3 Nd6 21.
h4 Rxe1 22. Rxe1 Re8 23. Rxe8+ Nxe8 24. c4 Kf8 25. c5 Ke7 26. d6+ Kd8 27. dxc7+
Kxc7 28. Bd5 f6 29. Bf7 Kd8 30. cxb6 axb6 31. Bxb6+ Ke7 32. Bg6 Nf8 33. Bc5+
Nd6 34. Bf5 g6 35. Bc8 Nh7 36. a4 Kd8 37. Ba6 Ne4 38. Bb6+ Kd7 39. Bb7 Nd6 40.
a5 Nf8 41. a6 Nc8 42. Bd4 Ne6 43. a7 Nxa7 44. Bxa7 g5 45. Bd5 Nc7 46. Bc4 f5
47. Be3 gxh4 48. gxh4 h5 49. Bf7 Ke7 50. Bxh5 Nd5 51. Bg5+ Kd6 52. Bf7 Nc3 53.
Bh5 1-0